2025 WNBA Draft - Statistics

General Stats
  • This quiz has been taken 135 times
  • The average score is 14 of 38
Answer Stats
Team College/Club Team Player % Correct
Dallas Wings UConn Paige Bueckers
100%
Washington Mystics Notre Dame Sonia Citron
82%
Washington Mystics USC Kiki Iriafen
76%
Golden State Valkyries UConn Kaitlyn Chen
71%
Seattle Storm ASVEL Feminin Dominique Malonga
70%
Washington Mystics Kentucky Georgia Amoore
68%
Chicago Sky TCU Hailey Van Lith
65%
Minnesota Lynx UConn Aubrey Griffin
58%
Connecticut Sun NC State Saniya Rivers
58%
Connecticut Sun LSU Aneesah Morrow
49%
Atlanta Dream South Carolina Te-hina Paopao
48%
Dallas Wings NC State Aziaha James
45%
Golden State Valkyries Maryland Shyanne Sellers
42%
Los Angeles Sparks Alabama Sarah Ashlee Barker
39%
Indiana Fever South Carolina Bree Hall
36%
Dallas Wings West Virginia JJ Quinerly
36%
Washington Mystics Iowa Lucy Olsen
35%
Dallas Wings Ole Miss Madison Scott
33%
Las Vegas Aces Alabama Aaliyah Nye
32%
Chicago Sky Notre Dame Maddy Westbeld
32%
Los Angeles Sparks South Carolina Sania Feagin
29%
Golden State Valkyries ASVEL Feminin Juste Jocyte
25%
Indiana Fever Florida State Makayla Timpson
25%
Las Vegas Aces Harvard Harmoni Turner
22%
Connecticut Sun USC Rayah Marshall
22%
Seattle Storm Kansas State Serena Sundell
20%
Chicago Sky Tarbes Gespe Bigorre Ajsa Sivka
19%
Los Angeles Sparks Notre Dame Liatu King
18%
Seattle Storm TCU Madison Conner
14%
Dallas Wings Baylor Aaronette Vonleh
13%
Atlanta Dream Ohio State Taylor Thierry
13%
Minnesota Lynx UMMC Ekaterinburg Anastasiia Kosu
12%
Indiana Fever Gonzaga Yvonne Ejim
12%
Chicago Sky Texas A&M Aicha Coulibaly
10%
Minnesota Lynx Washington Dalayah Daniels
10%
Washington Mystics Alabama Zaay Green
10%
New York Liberty Landemeau Bretagne Basket Adja Kane
9%
Seattle Storm Michigan Jordan Hobbs
9%
No matching quizzes found
Score Distribution
Percent of People with Each Score
Percentile by Number Answered
Your Score History
You have not taken this quiz